000 03242 a2200337 4500
005 20250205142812.0
020 _a9781478018896
050 0 0 _aGE 220
_bCHA 2022
245 0 4 _aThe promise of multispecies justice /
_cedited by Sophie Chao, Karin Bolender, and Eben Kirksey.
264 1 _aDurham :
_bDuke University Press,
_c2022.
300 _a1 online resource
336 _atext
_btxt
_2rdacontent
337 _acomputer
_bc
_2rdamedia
338 _aonline resource
_bcr
_2rdacarrier
504 _aIncludes bibliographical references and index.
505 0 _aWho Benefits from Multispecies Justice? / Eben Kirksey and Sophie Chao -- Species of Justice / Sophie Chao and Eben Kirksey -- Blessing. Thanksgiving in the Plantationocene / Craig Santos Perez -- Spectral Justice / Radhika Govindrajan -- Rights of the Amazon in Cosmopolitical Worlds / Kristina Lyons -- We Are Not Pests / Alyssa Paredes -- Prison Gardens and Growing Abolition / Elizabeth Lara -- Justice at the Ends of Worlds / Michael Marder -- From the Micronesian kingfisher / Craig Santos Perez -- Rodent Trapping and the Just Possible / Jia Hui Lee -- Inscribing the Interspecies Gap / M. L. Clark -- Nuclear Waste and Relational Accountability in Indian Country / Noriko Ishiyama and Kim TallBear -- Multispecies Mediations in a Post-Extractive Zone.
520 _a"What are the possibilities for multispecies justice? How do social justice struggles intersect with the lives of animals, plants, and other creatures? Leading thinkers in anthropology, geography, philosophy, speculative fiction, poetry, and contemporary art answer these questions from diverse grounded locations. In America Indigenous peoples and prisoners are decolonizing multispecies relations in unceded territory and carceral landscapes. Small justices are emerging in Tanzanian markets, near banana plantations in the Philippines, and in abandoned buildings of Azerbaijan as people navigate relations with feral dogs, weeds, rats, and pesticides. Conflicts over rights of nature are intensifying in Colombia's Amazon. Specters of justice are emerging in India, while children in Micronesia memorialize extinct bird species. Engaging with ideas about environmental justice, restorative justice, and other species of justice, The Promise of Multispecies Justice holds open the possibility of flourishing in multispecies worlds, present and to come. Contributors. Karin Bolender, Sophie Chao, M. L. Clark, Radhika Govindrajan, Zsuzsanna Dominika Ihar, Noriko Ishiyama, Eben Kirksey, Elizabeth Lara, Jia Hui Lee, Kristina Lyons, Michael Marder, Alyssa Paredes, Craig Santos Perez, Kim TallBear"--
650 0 _aEnvironmental justice.
650 0 _aEnvironmental ethics.
650 0 _aEnvironmental responsibility.
650 0 _aRestoration ecology.
650 0 _aPhysical anthropology.
650 0 _aEcology
_xMoral and ethical aspects.
650 7 _aSOCIAL SCIENCE / Anthropology / Cultural & Social
650 7 _aSCIENCE / Environmental Science (see also Chemistry / Environmental)
700 1 _aChao, Sophie,
_eeditor.
700 1 _aBolender, Karin,
_d1974-
_eeditor.
700 1 _aKirksey, Eben,
_d1976-
_eeditor.
942 _2lcc
_cBK
_h220
_iPRO
_kGE
999 _c11461
_d11461